Medical-Surgical Nursing: (Record no. 14745)
[ view plain ]
| 000 -LEADER | |
|---|---|
| fixed length control field | 00855nam a22002417a 4500 |
| 008 - FIXED-LENGTH DATA ELEMENTS--GENERAL INFORMATION | |
| fixed length control field | 161007b xxu||||| |||| 00| 0 eng d |
| 020 ## - INTERNATIONAL STANDARD BOOK NUMBER | |
| International Standard Book Number | 9780323065801 |
| 050 ## - LIBRARY OF CONGRESS CALL NUMBER | |
| Classification number | RT 41 .M488 2011 |
| 100 ## - MAIN ENTRY--PERSONAL NAME | |
| Personal name | Lewis, Sharon L. |
| 245 ## - TITLE STATEMENT | |
| Title | Medical-Surgical Nursing: |
| Remainder of title | assessment and management of clinical problems/ |
| Statement of responsibility, etc. | Sharon L. Lewis,Shannon Ruff Dirksen, Margaret Mclean Heitkemper, Linda Bucher and Ian M. Camera |
| 250 ## - EDITION STATEMENT | |
| Edition statement | 8th ed. |
| 260 ## - PUBLICATION, DISTRIBUTION, ETC. (IMPRINT) | |
| Place of publication, distribution, etc. | St. Louis, Missouri: |
| Name of publisher, distributor, etc. | Elsevier Mosby, |
| Date of publication, distribution, etc. | 2011 |
| 300 ## - PHYSICAL DESCRIPTION | |
| Extent | xxxii, 1802p.: |
| Other physical details | ill.; |
| 440 ## - SERIES STATEMENT/ADDED ENTRY--TITLE | |
| Number of part/section of a work | 2 |
| Name of part/section of a work | volume 2 |
| 500 ## - GENERAL NOTE | |
| General note | Includes references and index. |
| 650 ## - SUBJECT ADDED ENTRY--TOPICAL TERM | |
| Topical term or geographic name as entry element | Nursing |
| 650 ## - SUBJECT ADDED ENTRY--TOPICAL TERM | |
| Topical term or geographic name as entry element | Surgical nursing |
| 700 ## - ADDED ENTRY--PERSONAL NAME | |
| Personal name | Dirksen, Shannon Ruff |
| 700 ## - ADDED ENTRY--PERSONAL NAME | |
| Personal name | Heitkemper, Margaret Mclean |
| 700 ## - ADDED ENTRY--PERSONAL NAME | |
| Personal name | Bucher, Linda |
| 700 ## - ADDED ENTRY--PERSONAL NAME | |
| Personal name | Camera, Ian M, |
| 942 ## - ADDED ENTRY ELEMENTS (KOHA) | |
| Source of classification or shelving scheme | |
| Koha item type | Hard Covered Materials |
| Classification part | RT 41 .M488 2011 |
| Withdrawn status | Lost status | Source of classification or shelving scheme | Damaged status | Not for loan | Home library | Current library | Shelving location | Date acquired | Source of acquisition | Total Checkouts | Full call number | Barcode | Date last seen | Price effective from | Koha item type |
|---|---|---|---|---|---|---|---|---|---|---|---|---|---|---|---|
| MACHAKOS UNIVERSITY LIBRARY | MACHAKOS UNIVERSITY LIBRARY | Open shelf | 07/10/2016 | Donation (BFA) | RT 41 .M488 2011 | 26296 | 30/05/2019 | 07/10/2016 | Hard Covered Materials |